000 00497nam a22001457a 4500
003 MACL
005 20170223154427.0
008 170223b xxu||||| |||| 00| 0 eng d
040 _cMACL
100 _4प्रसाद डॉ जगदीश्‍वर
245 _aतुलसी के मानसेतर काव्‍य
260 _aआगरा
_bअरविन्‍द प्रकाशन
_c2014
650 _aकाव्‍यालाेचना
_966811
942 _2ddc
_cHIN
999 _c56106
_d56106